000 00190nam a2200085Ia 4500
008 250605s9999 xx 000 0 und d
041 _aeng
100 _aPooja Kumari
245 _aSolve Foundation
999 _c45298
_d45298